Mariana/ Ilustrações de Célia Kofuji (Record no. 196062)

MARC details
000 -LÍDER
campo de controle de tamanho fixo 00504nam a22001817a 4500
001 - NÚMERO DE CONTROLE
campo de controle 196062
003 - IDENTIFICADOR DO NÚMERO DE CONTROLE
campo de controle OSt
005 - DATA E HORÁRIO DA ÚLTIMA TRANSAÇÃO
campo de controle 20240819121635.0
008 - CAMPO DE DADOS FIXOS--INFORMAÇÃO GERAL
campo de controle de tamanho fixo 240819b |||||||| |||| 00| 0 POR d
020 ## - ISBN - INTERNATIONAL STANDARD BOOK NUMBER
ISBN - International Standard Book Number 9788508057481
040 ## - FONTE DA CATALOGAÇÃO
Instituição da catalogação original Colégio Cândido Portinari
Idioma da catalogação Português
Instituição que transcreveu o registro Colégio Cândido Portinari
082 ## - CDD - CLASSIFICAÇÃO DECIMAL DE DEWEY
Número de Classificação 028.5
100 ## - ENTRADA PRINCIPAL--NOME PESSOAL
Nome pessoal Bandeira, Pedro
Função do autor por extenso Author
9 (RLIN) 172
245 ## - TÍTULO
Título Mariana/ Ilustrações de Célia Kofuji
250 ## - EDIÇÃO
Edição 3. ed.
260 ## - PUBLICAÇÃO, DISTRIBUIÇÃO, ETC.
Local de publicação, distribuição, etc. São Paulo: Ática, 2000.
942 ## - ELEMENTOS DE ENTRADA ADICIONADOS (KOHA)
Fonte da classificação ou esquema de arquivamento na estante
Tipo de material Koha Livros
Ocultar no OPAC Não
Holdings
Situação do descarte Situação das perdas Fonte da classificação ou esquema de arquivamento na estante Situação física Não pode ser emprestado Biblioteca de origem Biblioteca atual Data de aquisição Total de empréstimos Número de chamada completo Código de barras Data de último acesso Número do exemplar Data do preço efetivo Tipo de material Koha
          Portinari - Salvador Portinari - Salvador 03/05/2007   028.5 B214m 7326/CCP 19/08/2024 Ex. 1 19/08/2024 Livros